[Event "RA-2016-0-00470"]
[Site "LSS email"]
[Date "2016.09.20"]
[Round "?"]
[White "Dyda, Tadeusz"]
[Black "Susla, Vitaliy"]
[Result "1/2-1/2"]
[WhiteElo "2284"]
[BlackElo "2326"]
[PlyCount "45"]
[EventDate "2016.08.26"]
[EventType "tourn (corr)"]
[EventRounds "6"]
[EventCountry "GER"]
[SourceTitle "Corr 2022"]
[Source "ChessBase"]
[SourceDate "2021.10.24"]
[SourceVersion "1"]
[SourceVersionDate "2021.10.24"]
[SourceQuality "1"]

1. e4 c5 2. d4 cxd4 3. c3 Nf6 4. e5 Nd5 5. Nf3 Nc6 6. cxd4 d6 7. Bc4 dxe5 8. dxe5 Nb6 9. Qxd8+ Nxd8 10. Bb3 Be6 11. Nc3 Bxb3 12. axb3 a6 13. 0-0 e6 14. Be3 Nd7 15. Nb5 Rc8 16. Na7 Rc7 17. Rac1 Rxc1 18. Rxc1 f6 19. exf6 gxf6 20. Nd2 Bb4 21. Rc8 Bxd2 22. Bxd2 Nb6 23. Rb8 1/2-1/2

[Event "RA-2016-0-00469"]
[Site "LSS email"]
[Date "2016.09.19"]
[Round "?"]
[White "Dyda, Tadeusz"]
[Black "Kolanek, Roman"]
[Result "1/2-1/2"]
[WhiteElo "2284"]
[BlackElo "2135"]
[PlyCount "42"]
[EventDate "2016.08.24"]
[EventType "tourn (corr)"]
[EventRounds "6"]
[EventCountry "GER"]
[SourceTitle "Corr 2022"]
[Source "ChessBase"]
[SourceDate "2021.10.24"]
[SourceVersion "1"]
[SourceVersionDate "2021.10.24"]
[SourceQuality "1"]

1. e4 c5 2. d4 cxd4 3. c3 dxc3 4. Nxc3 d6 5. Nf3 Nc6 6. Bc4 e6 7. 0-0 Be7 8. Qe2 a6 9. Rd1 Bd7 10. Bf4 e5 11. Be3 Nf6 12. a3 Ng4 13. h3 Nxe3 14. Qxe3 Be6 15. Nd5 0-0 16. Rac1 Rc8 17. b4 Bf6 18. Nxf6+ Qxf6 19. Bxe6 Qxe6 20. Qb6 Qd7 21. a4 Rfd8 1/2-1/2

[Event "RA-2016-0-00469"]
[Site "LSS email"]
[Date "2016.09.19"]
[Round "?"]
[White "Hosak, Wilfried"]
[Black "Dyda, Tadeusz"]
[Result "1/2-1/2"]
[WhiteElo "2150"]
[BlackElo "2284"]
[PlyCount "32"]
[EventDate "2016.08.24"]
[EventType "tourn (corr)"]
[EventRounds "6"]
[EventCountry "GER"]
[SourceTitle "Corr 2022"]
[Source "ChessBase"]
[SourceDate "2021.10.24"]
[SourceVersion "1"]
[SourceVersionDate "2021.10.24"]
[SourceQuality "1"]

1. c4 Nf6 2. Nc3 e6 3. Nf3 d5 4. d4 Bb4 5. Bg5 h6 6. Bxf6 Qxf6 7. e3 0-0 8. Rc1 dxc4 9. Bxc4 c5 10. 0-0 cxd4 11. Ne4 Qe7 12. Nxd4 Bd7 13. Be2 Nc6 14. a3 Nxd4 15. Qxd4 Ba5 16. Qc5 Qxc5 1/2-1/2

[Event "SA-2016-0-00511"]
[Site "LSS email"]
[Date "2016.03.14"]
[Round "?"]
[White "Donzellotti, Giuseppe"]
[Black "Dyda, Tadeusz"]
[Result "0-1"]
[WhiteElo "2096"]
[BlackElo "2311"]
[PlyCount "80"]
[EventDate "2016.02.13"]
[EventType "tourn (corr)"]
[EventRounds "6"]
[EventCountry "GER"]
[SourceTitle "Corr 2022"]
[Source "ChessBase"]
[SourceDate "2021.10.24"]
[SourceVersion "1"]
[SourceVersionDate "2021.10.24"]
[SourceQuality "1"]

1. f4 d5 2. Nf3 Nf6 3. e3 g6 4. Be2 Bg7 5. 0-0 0-0 6. d3 c5 7. Nc3 Nc6 8. Ne5 Qc7 9. Nxc6 Qxc6 10. Bf3 b5 11. e4 b4 12. exd5 Qd7 13. d6 Bb7 14. dxe7 Rfe8 15. Bxb7 Qxb7 16. Na4 Qc6 17. b3 Rxe7 18. Bb2 Rae8 19. Qf3 Nd5 20. Be5 f6 21. c4 fxe5 22. cxd5 Qd6 23. fxe5 Rxe5 24. Rac1 Rf5 25. Qg4 h5 26. Qg3 Be5 27. Qh4 Bd4+ 28. Kh1 Ref8 29. Rxf5 Rxf5 30. Qe4 Kh7 31. Qe6 Qf8 32. Qe1 Rf2 33. h3 Qf4 34. d6 Qxd6 35. Qg1 Rxa2 36. Qh2 Qf6 37. Qc7+ Kh6 38. Qg3 Rf2 39. Re1 h4 40. Qg4 Rf1+ 0-1

[Event "RA-2016-0-00437"]
[Site "LSS email"]
[Date "2016.03.14"]
[Round "?"]
[White "Dyda, Tadeusz"]
[Black "Misericordia, Antonio"]
[Result "1-0"]
[WhiteElo "2311"]
[BlackElo "2160"]
[PlyCount "97"]
[EventDate "2016.02.13"]
[EventType "tourn (corr)"]
[EventRounds "6"]
[EventCountry "GER"]
[SourceTitle "Corr 2022"]
[Source "ChessBase"]
[SourceDate "2021.10.24"]
[SourceVersion "1"]
[SourceVersionDate "2021.10.24"]
[SourceQuality "1"]

1. e4 g6 2. d4 d6 3. Bc4 Nf6 4. Nc3 Bg7 5. Qe2 Nc6 6. e5 Nxd4 7. exf6 Nxe2 8. fxg7 Rg8 9. Ngxe2 e6 10. h4 d5 11. Bb3 Rxg7 12. Bh6 Kf8 13. 0-0-0 c6 14. f4 Bd7 15. h5 Kg8 16. Rd3 Qe7 17. Kb1 b5 18. Re3 a5 19. a4 b4 20. Nd1 Qd6 21. Nf2 Qc5 22. Rf3 Qe7 23. hxg6 Rxg6 24. f5 exf5 25. Nf4 Rxh6 26. Rxh6 Kg7 27. Rh1 Qd6 28. N2d3 h6 29. Re3 Re8 30. Rxe8 Bxe8 31. Rc1 Qb8 32. Ka2 Qb6 33. c3 bxc3 34. Rxc3 Kf8 35. Bd1 Ke7 36. Nc5 Bd7 37. Nfd3 Be6 38. Ka3 Qc7 39. b4 d4 40. Rc2 Bd5 41. Bf3 Bxf3 42. gxf3 h5 43. Re2+ Kf6 44. b5 Kg7 45. Rg2+ Kh6 46. Rb2 cxb5 47. axb5 Qb6 48. Na4 Qb8 49. b6 1-0

[Event "SA-2016-0-00511"]
[Site "LSS email"]
[Date "2016.03.14"]
[Round "?"]
[White "Dyda, Tadeusz"]
[Black "Vaassen, Jack M"]
[Result "1/2-1/2"]
[WhiteElo "2311"]
[BlackElo "2204"]
[PlyCount "113"]
[EventDate "2016.02.13"]
[EventType "tourn (corr)"]
[EventRounds "6"]
[EventCountry "GER"]
[SourceTitle "Corr 2022"]
[Source "ChessBase"]
[SourceDate "2021.10.24"]
[SourceVersion "1"]
[SourceVersionDate "2021.10.24"]
[SourceQuality "1"]

1. e4 c5 2. d4 cxd4 3. c3 Nf6 4. e5 Nd5 5. Nf3 Nc6 6. Bc4 Nb6 7. Bb3 d6 8. exd6 Qxd6 9. 0-0 Be6 10. Na3 dxc3 11. Bxe6 Qxe6 12. Nb5 Qd7 13. Bf4 Rc8 14. Qe1 cxb2 15. Rd1 b1Q 16. Rxb1 e6 17. Rd1 Nd5 18. Nd6+ Bxd6 19. Rxd5 Bb4 20. Rxd7 Bxe1 21. Rxb7 Bc3 22. Rc1 Bf6 23. Bd6 Be7 24. Bxe7 Nxe7 25. Rxc8+ Nxc8 26. Ne5 0-0 27. a4 a5 28. Nc4 Rd8 29. Kf1 Kf8 30. Rb8 Re8 31. Ke1 Ne7 32. Rxe8+ Kxe8 33. Nxa5 Kd7 34. Kd2 Kc7 35. g3 Nd5 36. Nc4 f6 37. Kd3 Kc6 38. Ne3 Nb6 39. a5 Nd7 40. Nc2 Kc5 41. Nd4 Kd5 42. Nb3 Nb8 43. f4 g6 44. h3 h6 45. Ke3 Na6 46. Nd2 Nc7 47. Ne4 f5 48. Nf6+ Kd6 49. Kd4 Ke7 50. Ke5 Na6 51. g4 Nb4 52. Ng8+ Kd7 53. g5 hxg5 54. fxg5 Nc6+ 55. Kf6 e5 56. a6 e4 57. a7 1/2-1/2

[Event "RA-2016-0-00437"]
[Site "LSS email"]
[Date "2016.03.14"]
[Round "?"]
[White "Silva Filho, Alcindo Luz Bastos"]
[Black "Dyda, Tadeusz"]
[Result "1/2-1/2"]
[WhiteElo "2118"]
[BlackElo "2311"]
[PlyCount "50"]
[EventDate "2016.02.13"]
[EventType "tourn (corr)"]
[EventRounds "6"]
[EventCountry "GER"]
[SourceTitle "Corr 2022"]
[Source "ChessBase"]
[SourceDate "2021.10.24"]
[SourceVersion "1"]
[SourceVersionDate "2021.10.24"]
[SourceQuality "1"]

1. e4 d5 2. exd5 Nf6 3. Nc3 Nxd5 4. Bc4 Nb6 5. Bb3 Nc6 6. Nf3 Bf5 7. Nh4 Bd7 8. d4 e5 9. Nf3 exd4 10. Nxd4 Qf6 11. Nxc6 Bxc6 12. 0-0 Be7 13. Qg4 0-0 14. Be3 Rfe8 15. Rfe1 Bd6 16. Bd4 Be5 17. Ne4 Bxe4 18. Rxe4 Bxd4 19. Rxd4 Qe5 20. h4 c5 21. Rf4 c4 22. Bxc4 Nxc4 23. Rxc4 Qxb2 24. Rd1 Qxa2 25. Rd7 b5 1/2-1/2

[Event "RM-2014-0-00147"]
[Site "LSS email"]
[Date "2014.09.13"]
[Round "?"]
[White "Dyda, Tadeusz"]
[Black "Szabo, Mihaly"]
[Result "0-1"]
[WhiteElo "2179"]
[BlackElo "2254"]
[PlyCount "124"]
[EventDate "2014.07.23"]
[EventType "tourn (corr)"]
[EventRounds "6"]
[EventCountry "GER"]
[SourceTitle "Corr 2015"]
[Source "ChessBase"]
[SourceDate "2015.07.17"]
[SourceVersion "1"]
[SourceVersionDate "2015.07.17"]
[SourceQuality "1"]

1. e4 e5 2. f4 exf4 3. Nf3 g5 4. Bc4 Bg7 5. h4 h6 6. d4 d6 7. c3 Nc6 8. 0-0 Qe7 9. a4 Bg4 10. Qd3 0-0-0 11. a5 Nf6 12. a6 b6 13. Na3 Kb8 14. Nc2 d5 15. exd5 Nxd5 16. Bb3 Bf6 17. Ba4 Qd6 18. Re1 Rde8 19. Bd2 Nde7 20. Na3 Be6 21. Qf1 Reg8 22. Nc4 Bxc4 23. Qxc4 g4 24. Ne5 Bxe5 25. Bxc6 Bf6 26. d5 Nxc6 27. Qxc6 Qxc6 28. dxc6 Bxh4 29. Re5 f3 30. Rh5 Bg3 31. Be1 Bd6 32. Bh4 Rg6 33. gxf3 gxf3+ 34. Kf2 Re8 35. Kxf3 Rge6 36. Rf5 Re3+ 37. Kg2 Re2+ 38. Rf2 R2e4 39. Bf6 Bc5 40. Bd4 Rg8+ 41. Kf1 Bxd4 42. cxd4 Rxd4 43. Rxf7 Rc4 44. Rf6 Rb4 45. Rf2 Kc8 46. Ra3 Rc4 47. Rf6 Rc1+ 48. Ke2 Rc2+ 49. Kd3 Rxb2 50. Rxh6 Rbg2 51. Kd4 Rd2+ 52. Kc3 Rd6 53. Rxd6 cxd6 54. Kb4 Rg4+ 55. Kb5 Rg1 56. Rf3 Rb1+ 57. Ka4 Ra1+ 58. Kb5 Ra5+ 59. Kc4 d5+ 60. Kd4 Kc7 61. Rf7+ Kxc6 62. Rxa7 Kb5 0-1

[Event "RM-2014-0-00142"]
[Site "LSS email"]
[Date "2014.07.14"]
[Round "?"]
[White "Lubas, Jozef"]
[Black "Dyda, Tadeusz"]
[Result "1/2-1/2"]
[WhiteElo "2171"]
[BlackElo "2339"]
[PlyCount "39"]
[EventDate "2014.06.07"]
[EventType "tourn (corr)"]
[EventRounds "6"]
[EventCountry "GER"]
[SourceTitle "Corr 2022"]
[Source "ChessBase"]
[SourceDate "2021.10.24"]
[SourceVersion "1"]
[SourceVersionDate "2021.10.24"]
[SourceQuality "1"]

1. e4 d5 2. exd5 Nf6 3. d4 Bg4 4. Nf3 Qxd5 5. Be2 Nc6 6. 0-0 0-0-0 7. Be3 Qf5 8. Nbd2 e5 9. Nxe5 Nxe5 10. dxe5 Bxe2 11. Qxe2 Qxe5 12. Nf3 Qa5 13. Rfe1 Bc5 14. Qc4 Bxe3 15. Rxe3 Qd5 16. Qa4 a6 17. Rae1 Qb5 18. Qxb5 axb5 19. Re7 Rhf8 20. g3 1/2-1/2

[Event "SM-2014-0-00295"]
[Site "LSS email"]
[Date "2014.07.08"]
[Round "?"]
[White "Dyda, Tadeusz"]
[Black "Schroeder, Christoph"]
[Result "1/2-1/2"]
[WhiteElo "2339"]
[BlackElo "2305"]
[PlyCount "117"]
[EventDate "2014.05.18"]
[EventType "tourn (corr)"]
[EventRounds "6"]
[EventCountry "GER"]
[SourceTitle "Corr 2022"]
[Source "ChessBase"]
[SourceDate "2021.10.24"]
[SourceVersion "1"]
[SourceVersionDate "2021.10.24"]
[SourceQuality "1"]

1. e4 c5 2. d4 cxd4 3. c3 dxc3 4. Nxc3 Nc6 5. Nf3 e6 6. Bc4 Bb4 7. 0-0 Nge7 8. Qe2 0-0 9. Rd1 a6 10. a3 Bxc3 11. bxc3 d5 12. Bd3 Qa5 13. c4 d4 14. e5 Ng6 15. Bd2 Qc5 16. Re1 a5 17. Qe4 f5 18. exf6 gxf6 19. Qg4 e5 20. Qh5 Qe7 21. Bh6 Rf7 22. Be4 Kh8 23. Bxc6 bxc6 24. Nxd4 Qc5 25. Nf5 Bxf5 26. Qxf5 Qxc4 27. Rad1 Ne7 28. Qh5 Ng8 29. Rd6 Re7 30. Bc1 Qc3 31. Red1 c5 32. Qf5 Qb3 33. h3 c4 34. Kh2 Rb8 35. Be3 c3 36. R1d5 Qb1 37. Qxb1 Rxb1 38. Rc6 Rb3 39. Rxa5 Kg7 40. a4 Rd7 41. Rac5 Ra3 42. a5 c2 43. Rb5 Ra2 44. Rc3 Ne7 45. Rbc5 Kg6 46. Rxc2 Ra4 47. Bc1 h5 48. R2c3 Nf5 49. Ra3 Rxa3 50. Bxa3 Rd4 51. Rb5 Ra4 52. Bb4 Ra2 53. Bc5 Nd4 54. Bxd4 exd4 55. Kg3 d3 56. Kf3 d2 57. Ke2 d1Q+ 58. Kxd1 Rxf2 59. g3 1/2-1/2

[Event "SM-2014-0-00295"]
[Site "LSS email"]
[Date "2014.07.07"]
[Round "?"]
[White "Dyda, Tadeusz"]
[Black "Geiger, Walter"]
[Result "1/2-1/2"]
[WhiteElo "2339"]
[BlackElo "2237"]
[PlyCount "114"]
[EventDate "2014.05.18"]
[EventType "tourn (corr)"]
[EventRounds "6"]
[EventCountry "GER"]
[SourceTitle "Corr 2022"]
[Source "ChessBase"]
[SourceDate "2021.10.24"]
[SourceVersion "1"]
[SourceVersionDate "2021.10.24"]
[SourceQuality "1"]

1. e4 e5 2. f4 exf4 3. Bc4 Nf6 4. Nc3 c6 5. Bb3 d5 6. exd5 cxd5 7. d4 Bd6 8. Nge2 0-0 9. 0-0 g5 10. h4 h6 11. hxg5 hxg5 12. g3 Bh3 13. gxf4 Bxf1 14. Qxf1 g4 15. Qg2 Nc6 16. Nxd5 Kg7 17. Be3 Rh8 18. Ng3 Kf8 19. Kf2 Nxd5 20. Qxd5 Rh2+ 21. Kg1 Rh7 22. Ne4 Qh4 23. Ng5 Qh2+ 24. Kf1 Qh1+ 25. Bg1 Bxf4 26. Nxh7+ Qxh7 27. Re1 Rd8 28. Qe4 Qh3+ 29. Qg2 Qh5 30. c3 Rd6 31. Re4 Rf6 32. Ke1 Ne7 33. d5 Qh3 34. Re2 Nf5 35. Bc2 Nh4 36. Qxh3 gxh3 37. Bc5+ Kg7 38. Re8 Bd6 39. Bxd6 Ng2+ 40. Kd2 Rxd6 41. Be4 Rb6 42. b3 Rf6 43. Ke2 Nf4+ 44. Kf2 Nxd5+ 45. Kg3 Nxc3 46. Bxb7 Re6 47. Ra8 Re3+ 48. Kh2 Re7 49. Ba6 Nxa2 50. Kxh3 Nb4 51. Bc4 Kf6 52. Rc8 Ke5 53. Kg3 f5 54. Rc5+ Kf6 55. Kf4 Re4+ 56. Kf3 Re5 57. Rc8 Re7 1/2-1/2

[Event "BI-2013-P-00014"]
[Site "LSS email"]
[Date "2013.04.22"]
[Round "?"]
[White "Dyda, Tadeusz"]
[Black "Husemann, Andreas"]
[Result "1-0"]
[WhiteElo "2217"]
[BlackElo "2072"]
[PlyCount "89"]
[EventDate "2013.04.25"]
[EventType "tourn (corr)"]
[EventRounds "10"]
[EventCountry "GER"]
[SourceTitle "Telechess CBM 167"]
[Source "ChessBase"]
[SourceDate "2015.07.13"]
[SourceVersion "1"]
[SourceVersionDate "2015.07.13"]
[SourceQuality "1"]

1. e4 e5 2. Nf3 Nc6 3. c3 Nf6 4. d4 Nxe4 5. d5 Ne7 6. Nxe5 Ng6 7. Nxg6 hxg6 8. Bd3 Nf6 9. 0-0 Bd6 10. Re1+ Kf8 11. h3 Nxd5 12. Bxg6 Nf4 13. Bf5 Qg5 14. Bg4 Qd5 15. Qxd5 Nxd5 16. Nd2 Be7 17. Nb3 Nb6 18. a4 Nc4 19. a5 a6 20. Nd2 Nxd2 21. Bxd2 d5 22. Bf4 Bxg4 23. hxg4 Rc8 24. g5 c6 25. Rad1 Re8 26. c4 Rd8 27. cxd5 cxd5 28. Re5 d4 29. Re4 f6 30. Rexd4 Rxd4 31. Rxd4 fxg5 32. Bd6 Rh4 33. Rxh4 gxh4 34. Bxe7+ Kxe7 35. Kh2 Kf6 36. Kh3 Kg5 37. g3 hxg3 38. fxg3 Kh5 39. g4+ Kg5 40. Kg3 Kf6 41. Kf4 Kg6 42. g5 Kf7 43. Kf5 g6+ 44. Ke5 Ke7 45. b4 1-0

[Event "BI-2013-P-00014"]
[Site "LSS email"]
[Date "2013.04.22"]
[Round "?"]
[White "Dyda, Tadeusz"]
[Black "Morcin, Tom"]
[Result "1/2-1/2"]
[WhiteElo "2217"]
[BlackElo "2079"]
[PlyCount "34"]
[EventDate "2013.04.25"]
[EventType "tourn (corr)"]
[EventRounds "10"]
[EventCountry "GER"]
[SourceTitle "Telechess CBM 167"]
[Source "ChessBase"]
[SourceDate "2015.07.13"]
[SourceVersion "1"]
[SourceVersionDate "2015.07.13"]
[SourceQuality "1"]

1. e4 e5 2. Nf3 Nc6 3. c3 Nf6 4. d4 exd4 5. e5 Nd5 6. cxd4 Bb4+ 7. Bd2 Bxd2+ 8. Qxd2 d6 9. Nc3 Nxc3 10. Qxc3 dxe5 11. dxe5 Qd5 12. Be2 Qe4 13. Qc4 Bf5 14. 0-0 0-0-0 15. Qxf7 Nxe5 16. Nxe5 Qxe5 17. Rae1 Rhe8 1/2-1/2

[Event "BI-2013-P-00014"]
[Site "LSS email"]
[Date "2013.04.22"]
[Round "?"]
[White "Dyda, Tadeusz"]
[Black "Pilgram, Kurt"]
[Result "1-0"]
[WhiteElo "2217"]
[BlackElo "1880"]
[PlyCount "49"]
[EventDate "2013.04.25"]
[EventType "tourn (corr)"]
[EventRounds "10"]
[EventCountry "GER"]
[SourceTitle "Telechess CBM 167"]
[Source "ChessBase"]
[SourceDate "2015.07.13"]
[SourceVersion "1"]
[SourceVersionDate "2015.07.13"]
[SourceQuality "1"]

1. e4 e6 2. d4 d5 3. Nc3 Bb4 4. e5 Ne7 5. a3 Bxc3+ 6. bxc3 c5 7. Qg4 0-0 8. Bd3 Nbc6 9. Qh5 Ng6 10. Nf3 Nce7 11. dxc5 Qa5 12. 0-0 Qxc5 13. a4 Qxc3 14. Bd2 Qc6 15. Bb4 h6 16. Qg4 Rd8 17. h4 Qe8 18. h5 Nf8 19. Rfe1 Nf5 20. Qf4 Ne7 21. Bd6 Bd7 22. Nh2 Nh7 23. Ng4 d4 24. Nxh6+ gxh6 25. Qxh6 1-0

[Event "BI-2013-P-00014"]
[Site "LSS email"]
[Date "2013.04.22"]
[Round "?"]
[White "Dyda, Tadeusz"]
[Black "Schnoewitz, Brigitte"]
[Result "1-0"]
[WhiteElo "2217"]
[BlackElo "1158"]
[PlyCount "37"]
[EventDate "2013.04.25"]
[EventType "tourn (corr)"]
[EventRounds "10"]
[EventCountry "GER"]
[SourceTitle "Telechess CBM 167"]
[Source "ChessBase"]
[SourceDate "2015.07.13"]
[SourceVersion "1"]
[SourceVersionDate "2015.07.13"]
[SourceQuality "1"]

1. e4 c5 2. d4 cxd4 3. c3 Nc6 4. cxd4 d5 5. exd5 Qxd5 6. Nf3 g6 7. Nc3 Qd8 8. d5 Nb8 9. Bb5+ Bd7 10. Bxd7+ Nxd7 11. 0-0 Bg7 12. d6 e6 13. Nb5 Rc8 14. Nxa7 Rc5 15. Be3 Rd5 16. Qb3 Rxd6 17. Rac1 Ne7 18. Nb5 Rd5 19. Nc7+ 1-0

[Event "BI-2013-P-00014"]
[Site "LSS email"]
[Date "2013.04.22"]
[Round "?"]
[White "Dyda, Tadeusz"]
[Black "Zabecki, Artur"]
[Result "1-0"]
[WhiteElo "2217"]
[BlackElo "603"]
[PlyCount "31"]
[EventDate "2013.04.25"]
[EventType "tourn (corr)"]
[EventRounds "10"]
[EventCountry "GER"]
[SourceTitle "Telechess CBM 167"]
[Source "ChessBase"]
[SourceDate "2015.07.13"]
[SourceVersion "1"]
[SourceVersionDate "2015.07.13"]
[SourceQuality "1"]

1. e4 c6 2. c4 b6 3. Nc3 d5 4. cxd5 Nf6 5. dxc6 Nxc6 6. Bb5 Bd7 7. d4 e5 8. d5 Nd4 9. Bxd7+ Qxd7 10. Nf3 Bc5 11. Nxe5 Qe7 12. Bf4 0-0 13. 0-0 Bb4 14. Qxd4 a5 15. Qxb6 Ng4 16. Nxg4 1-0

[Event "BI-2013-P-00014"]
[Site "LSS email"]
[Date "2013.04.22"]
[Round "?"]
[White "Knoeppel, Bjoern"]
[Black "Dyda, Tadeusz"]
[Result "0-1"]
[WhiteElo "1856"]
[BlackElo "2217"]
[PlyCount "108"]
[EventDate "2013.04.25"]
[EventType "tourn (corr)"]
[EventRounds "10"]
[EventCountry "GER"]
[SourceTitle "Telechess CBM 167"]
[Source "ChessBase"]
[SourceDate "2015.07.13"]
[SourceVersion "1"]
[SourceVersionDate "2015.07.13"]
[SourceQuality "1"]

1. Nf3 c5 2. e4 Nc6 3. Bb5 e6 4. 0-0 Nge7 5. c3 a6 6. Ba4 b5 7. Bc2 Bb7 8. Re1 Rc8 9. a4 b4 10. d4 bxc3 11. d5 cxb2 12. Bxb2 Nb4 13. Bc3 Ng6 14. Na3 Be7 15. Bxg7 Rg8 16. Bh6 exd5 17. Rb1 d4 18. Bb3 Qc7 19. Qd2 Ne5 20. Nxe5 Qxe5 21. Nc4 Qf6 22. Bf4 Rg4 23. Be5 Qg5 24. f4 Qh4 25. g3 Qh6 26. a5 f5 27. Nb6 fxe4 28. Qg2 Rc6 29. Rxe4 Re6 30. Rbe1 Qg6 31. Qf3 Qf5 32. Ba4 Rgg6 33. Bxd7+ Kf7 34. Bc8 Bc6 35. Nc4 Kg8 36. Nd2 c4 37. Bxe6+ Rxe6 38. g4 Rg6 39. Kf1 Rxg4 40. Nxc4 Bb5 41. Rxd4 Bc5 42. h3 Rg6 43. Qa8+ Kf7 44. Qb7+ Be7 45. Kf2 Qc2+ 46. Re2 Qb1 47. Re1 Nd3+ 48. Rxd3 Qxd3 49. Nd6+ Rxd6 50. Bxd6 Qd2+ 51. Kf3 Qxe1 52. Qxe7+ Qxe7 53. Bxe7 Kxe7 54. Kg4 Bd7+ 0-1

[Event "BI-2013-P-00014"]
[Site "LSS email"]
[Date "2013.04.22"]
[Round "?"]
[White "Kopasov, Evgeny Aleksandrovi"]
[Black "Dyda, Tadeusz"]
[Result "1/2-1/2"]
[WhiteElo "2147"]
[BlackElo "2217"]
[PlyCount "53"]
[EventDate "2013.04.25"]
[EventType "tourn (corr)"]
[EventRounds "10"]
[EventCountry "GER"]
[SourceTitle "Telechess CBM 167"]
[Source "ChessBase"]
[SourceDate "2015.07.13"]
[SourceVersion "1"]
[SourceVersionDate "2015.07.13"]
[SourceQuality "1"]

1. d4 Nf6 2. c4 e6 3. Nc3 Bb4 4. Qc2 0-0 5. a3 Bxc3+ 6. Qxc3 b6 7. Bg5 Bb7 8. e3 d6 9. Ne2 Nbd7 10. Qc2 c5 11. Rd1 cxd4 12. Rxd4 Qe7 13. Nc3 h6 14. Bh4 Ne5 15. Be2 Bxg2 16. Rg1 Bc6 17. Rf4 Ng6 18. Bxf6 gxf6 19. Bh5 f5 20. Bxg6 fxg6 21. Rxg6+ Kh7 22. Rg3 Rac8 23. Rfg4 Rc7 24. Rd4 Rd7 25. Qd1 Rg8 26. Rxg8 Kxg8 27. Qh5 1/2-1/2

[Event "BI-2013-P-00014"]
[Site "LSS email"]
[Date "2013.04.22"]
[Round "?"]
[White "Luers, Charles J"]
[Black "Dyda, Tadeusz"]
[Result "1/2-1/2"]
[WhiteElo "1859"]
[BlackElo "2217"]
[PlyCount "92"]
[EventDate "2013.04.25"]
[EventType "tourn (corr)"]
[EventRounds "10"]
[EventCountry "GER"]
[SourceTitle "Telechess CBM 167"]
[Source "ChessBase"]
[SourceDate "2015.07.13"]
[SourceVersion "1"]
[SourceVersionDate "2015.07.13"]
[SourceQuality "1"]

1. d4 Nf6 2. c4 e6 3. Nf3 Bb4+ 4. Bd2 a5 5. g3 b6 6. Bg2 Bb7 7. 0-0 0-0 8. Bf4 Be7 9. Nc3 Ne4 10. Nb5 Na6 11. Rc1 Rb8 12. a3 d6 13. Nd2 Nxd2 14. Qxd2 Bxg2 15. Kxg2 c6 16. Nc3 c5 17. Nb5 a4 18. dxc5 e5 19. Be3 bxc5 20. Rfd1 Qb6 21. Bg5 f6 22. Qd5+ Rf7 23. Bd2 Nc7 24. Nxc7 Qxc7 25. Rb1 Qb7 26. Bc3 Qxd5+ 27. Rxd5 g6 28. Rbd1 e4 29. e3 f5 30. h4 Rb7 31. Rh1 h5 32. Re1 Rb6 33. Rb1 Bf6 34. Bxf6 Rxf6 35. Rd2 Kf8 36. b4 axb3 37. Rdb2 Rf7 38. Rxb3 Rxb3 39. Rxb3 Ra7 40. Kf1 Ke7 41. Ke2 Kf6 42. Kd2 Ra4 43. Rc3 g5 44. Kc2 gxh4 45. gxh4 Ra7 46. Kb2 Ke6 1/2-1/2

[Event "BI-2013-P-00014"]
[Site "LSS email"]
[Date "2013.04.22"]
[Round "?"]
[White "Stadler, Pavel"]
[Black "Dyda, Tadeusz"]
[Result "0-1"]
[WhiteElo "1408"]
[BlackElo "2217"]
[PlyCount "42"]
[EventDate "2013.04.25"]
[EventType "tourn (corr)"]
[EventRounds "10"]
[EventCountry "GER"]
[SourceTitle "Telechess CBM 167"]
[Source "ChessBase"]
[SourceDate "2015.07.13"]
[SourceVersion "1"]
[SourceVersionDate "2015.07.13"]
[SourceQuality "1"]

1. e4 e5 2. Nf3 Nc6 3. Bb5 a6 4. Bxc6 dxc6 5. d3 f6 6. 0-0 Bd6 7. h3 Ne7 8. Be3 Be6 9. c3 c5 10. a4 Nc6 11. Nbd2 Qe7 12. Qe2 0-0-0 13. Nc4 g5 14. Nxd6+ Qxd6 15. Rfd1 g4 16. hxg4 Bxg4 17. Rab1 f5 18. exf5 Rdf8 19. d4 Rxf5 20. dxc5 Qg6 21. Kf1 e4 0-1

[Event "OP-2013-0-02603"]
[Site "LSS email"]
[Date "2013.01.22"]
[Round "?"]
[White "Dyda, Tadeusz"]
[Black "Monteverde, Italo"]
[Result "1-0"]
[WhiteElo "2222"]
[BlackElo "2163"]
[PlyCount "67"]
[EventDate "2013.01.19"]
[EventType "tourn (corr)"]
[EventRounds "4"]
[EventCountry "GER"]
[SourceTitle "Telechess CBM 159"]
[Source "ChessBase"]
[SourceDate "2014.03.17"]
[SourceVersion "1"]
[SourceVersionDate "2014.03.17"]
[SourceQuality "1"]

1. e4 e6 2. d4 d5 3. Nc3 Nf6 4. e5 Nfd7 5. f4 c5 6. Nf3 a6 7. Be3 cxd4 8. Nxd4 Bb4 9. Bd3 Nc6 10. Qd2 g5 11. 0-0 gxf4 12. Rxf4 Ndxe5 13. Nxc6 Nxc6 14. Qf2 f5 15. Be2 h5 16. Rh4 Qf6 17. Na4 Bd6 18. Nb6 Rb8 19. Rd1 Kf8 20. c4 Be7 21. Rh3 dxc4 22. Bxc4 h4 23. Rd7 Ke8 24. Rc7 Bd6 25. Rxc8+ Rxc8 26. Nxc8 Be5 27. Nb6 f4 28. Bc5 Bxb2 29. Rd3 Be5 30. Rd7 h3 31. Qf3 hxg2 32. h3 Bc3 33. Bf2 Bb4 34. Rxb7 1-0

[Event "CP-2012-P-00009"]
[Site "LSS email"]
[Date "2012.10.01"]
[Round "?"]
[White "Martindale, Roger"]
[Black "Dyda, Tadeusz"]
[Result "0-1"]
[WhiteElo "604"]
[BlackElo "2222"]
[PlyCount "50"]
[EventDate "2012.10.05"]
[EventType "tourn (corr)"]
[EventRounds "6"]
[EventCountry "GER"]
[SourceTitle "Telechess CBM 161"]
[Source "ChessBase"]
[SourceDate "2014.07.16"]
[SourceVersion "1"]
[SourceVersionDate "2014.07.16"]
[SourceQuality "1"]

1. e4 e5 2. a3 Nf6 3. Nc3 Bc5 4. h3 d5 5. exd5 0-0 6. d3 Nxd5 7. Bd2 Nxc3 8. Bxc3 Nc6 9. b4 Bd4 10. Bxd4 Nxd4 11. c3 Ne6 12. Nf3 a5 13. Nxe5 axb4 14. cxb4 Qd4 15. Nf3 Qc3+ 16. Nd2 Nd4 17. Qc1 Qxa1 18. Qxa1 Nc2+ 19. Kd1 Nxa1 20. d4 Rxa3 21. Be2 Rd8 22. Bg4 Rxd4 23. Bxc8 Nb3 24. Bxb7 Rxd2+ 25. Ke1 Ra1# 0-1